000
00270nam a22001217a 4500
008
180919b xxu||||| |||| 00| 0 eng d
041
_a
eng
080
_a
51
100
_a
36
101
_a
MAT
245
_a
Technical Descriptive Geometry
_c
Wellman,B.L
942
_2
udc
_c
BK
999
_c
48067
_d
48067